| 000 | 00620nam a2200229 a 4500 | ||
|---|---|---|---|
| 001 | BRCA_5432 | ||
| 005 | 20190320205056.0 | ||
| 008 | 131210s1936----au-a######---#000-0#ger-# | ||
| 041 | _ager | ||
| 044 | _aau | ||
| 050 | 4 |
_aND673.B7 _b.D37 1936 |
|
| 245 | 1 | 0 | _aDas Bruegel Buch. |
| 260 |
_aViena, Austria _bAnton Schroll _c1936 |
||
| 300 |
_a22 p. _bil. (algunas a color) _c25 cm. |
||
| 440 | 0 |
_aSammlung Schroll _913824 |
|
| 500 | _aIncluye índice de pinturas | ||
| 500 | _aE148 | ||
| 600 | 1 | 4 |
_aBruegel, Pieter _cEl viejo _d1525-1569 _913436 |
| 650 | 1 | 4 |
_aPintores flamencos _97571 |
| 902 | _aGFM | ||
| 942 |
_2lcc _cB |
||
| 999 |
_c5126 _d5126 |
||